Statistics for Russian Alphabet

Click here to take the quiz!

General Stats

  • This quiz has been taken 9,272 times
  • The average score is 23 of 31

Answer Stats

CyrillicEnglish% Correct
А аa
100%
Б бb
91%
Е еe / je (ye)
90%
В вv
90%
Д дd
89%
С сs
87%
М мm
85%
К кk
84%
О оo
83%
Н нn
82%
Г гg
81%
Р рr
81%
Т тt
80%
Л лl
79%
П пp
79%
И иi
77%
З зz
77%
Ф фf
76%
Э эe' / eh
74%
Ч чch
70%
Я яya / ja (ya)
70%
Ш шsh
67%
Ц цcz / c (ts)
64%
Ё ёyo / jo (yo)
64%
Й йj / jj (y)
63%
Ю юyu / ju (yu)
60%
У уu
58%
Ы ыy' / y
58%
Щ щshh (shch)
52%
Ж жzh
49%
Х хkh
38%

Score Distribution

Percentile by Number Answered

Percent of People with Each Score

Your Score History

You have not taken this quiz